| Поле | Инд. | ПП | Название | Значение |
|---|---|---|---|---|
| Тип записи | a | |||
| Библиографический уровень | m | |||
| 001 | Контрольный номер | a44316195a7847978b26d835202becb2 | ||
| 005 | Дата корректировки | 20260601105905.9 | ||
| 020 | a | ISBN | 978-5-8114-9564-1 | |
| 080 | a | Индекс УДК | 164 | |
| 097 | b | Оператор | *Ст* | |
| 097 | b | Оператор | *Ир* | |
| 097 | b | Оператор | *А* | |
| 100 | 1_ | a | Автор | Пилипчук С.Ф. |
| 245 | 10 | a | Заглавие | Логистика предприятия. Складирование |
| b | Продолж. заглавия | учебное пособие | ||
| b | Продолж. заглавия | в составе учебно-методического комплекса | ||
| 250 | a | Основные сведения об издании | 5-е изд., стер. | |
| 260 | a | Место издания | Санкт-Петербург [и др.] | |
| b | Издательство | Лань | ||
| c | Дата издания | 2022 | ||
| 440 | _0 | a | Серия | УМК-У |
| 516 | 8_ | a | Прим. о типе комп. файла/ данных | Текст : электронный |
| a | Прим. о типе комп. файла/ данных | Режим доступа: по подписке | ||
| a | Прим. о типе комп. файла/ данных | Дата обращения: 07.07.2022 | ||
| 520 | 0_ | a | Аннотация | Рассмотрены основные вопросы и рекомендации по проектированию и организации складской системы предприятия: виды и функции складов, определение оптимального количества складов и их расположение, методы оптимизации складских запасов, методика проектировочного расчета основных параметров склада и логистической складской системы, методы выбора тары, средств ее хранения и транспортирования. Пособие соответствует государственному образовательному стандарту дисциплины «Логистика предприятия» для студентов высших учебных заведений по направлениям подготовки магистратуры «Технология транспортных процессов», «Наземные транспортно-технологические комплексы», по направлению подготовки бакалавриата «Менеджмент» и специалитета «Наземные транспортно-технологические средства». |
| 535 | 1_ | a | Хранилище | ЭБС Лань |
| 583 | a | Действие | Приписка : УМК | |
| 653 | 0_ | a | Ключевые слова | Логистика |
| 653 | 0_ | a | Ключевые слова | Складирование |
| 653 | 0_ | a | Ключевые слова | Предприятия |
| 653 | 0_ | a | Ключевые слова | Тара |
| 653 | 0_ | a | Ключевые слова | Складское хозяйство |
| 655 | a | Жанр/ форма (устаревшее) | *У* | |
| 773 | 18 | w | Контрольный № источника | 66c26f0afb7841a3b588e53cfd501389 |
| 856 | 40 | u | URL | https://e.lanbook.com/book/200486 |
| 901 | t | Тип документа | m | |
| 905 | a | Дата создания записи | 10.06.22 | |
| c | Дата приписки | 01.06.26 | ||
| 952 | a | Тип литературы для КСУ ВШ | *У2* | |
| 952 | e | Факультет | *ФУСК* | |
| 990 | g | Размещение заказа (DOS) | ЭБС Лань | |
| h | N записи в КСУ для Б/У (DOS) | 1000/2022 |